| 000 | 00406nam a22001697a 4500 | ||
|---|---|---|---|
| 003 | SGT | ||
| 020 | _a9390437288 | ||
| 082 |
_a615.19 _bQ24P |
||
| 100 | _aPOTDAR, MONOHAR | ||
| 245 | _a A TEXTBOOK OF QUALITY MANAGEMENT SYSTEM | ||
| 250 | _a2ND | ||
| 260 |
_aPUNE _bNIRALI PRAKASHAN _c2024 |
||
| 300 | _a17.12 | ||
| 650 | _aQUALITY MANAGEMENT | ||
| 653 | _aQUALITY, MANAGEMENT, SYSTEM | ||
| 942 |
_2ddc _cBK |
||
| 999 |
_c27080 _d27080 |
||